[Event "MNE-ch 76th"]
[Site "Podgorica"]
[Date "2024.02.12"]
[Round "8"]
[White "Petrovic, Slavko"]
[Black "Vujovic, Savo"]
[Result "0-1"]
[WhiteElo "1836"]
[BlackElo "2137"]
[PlyCount "24"]
[EventDate "2024.02.06"]
[EventType "swiss"]
[EventRounds "11"]
[EventCountry "MNE"]
[SourceTitle "CB08_2024"]
[SourceDate "2024.02.21"]
[SourceVersion "1"]
[SourceVersionDate "2024.02.21"]
[SourceQuality "1"]

1. e4 c5 2. Nf3 Nc6 3. d4 cxd4 4. Nxd4 g6 5. Be3 Bg7 6. c3 Nf6 7. Nd2 0-0 8. Be2 d5 9. exd5 Nxd5 10. Nxc6 bxc6 11. Bc5 Nf4 12. Kf1 Qd5 0-1

[Event "MNE-ch 76th"]
[Site "Podgorica"]
[Date "2024.02.10"]
[Round "5"]
[White "Scekic, Veljko"]
[Black "Petrovic, Slavko"]
[Result "1/2-1/2"]
[WhiteElo "2206"]
[BlackElo "1836"]
[PlyCount "73"]
[EventDate "2024.02.06"]
[EventType "swiss"]
[EventRounds "11"]
[EventCountry "MNE"]
[SourceTitle "CB08_2024"]
[SourceDate "2024.02.21"]
[SourceVersion "1"]
[SourceVersionDate "2024.02.21"]
[SourceQuality "1"]

1. e4 c5 2. Nf3 Nc6 3. d4 cxd4 4. Nxd4 Nf6 5. Nc3 d6 6. Bc4 e6 7. 0-0 Be7 8. Kh1 0-0 9. f4 Nxe4 10. Nxc6 bxc6 11. Nxe4 d5 12. Bd3 dxe4 13. Bxe4 Ba6 14. Re1 Qxd1 15. Rxd1 Rad8 16. Be3 c5 17. b3 f5 18. Bf3 Kf7 19. Kg1 Bf6 20. Rxd8 Rxd8 21. Rd1 Bd4 22. Bxd4 Rxd4 23. Rxd4 cxd4 24. a4 Kf6 25. b4 Bc4 26. Kf2 h6 27. Be2 Bd5 28. a5 g5 29. b5 g4 30. g3 Ke7 31. Ke1 Kd6 32. Kd2 Kc5 33. c3 dxc3+ 34. Kxc3 Ba2 35. Bd3 Bd5 36. Bf1 Ba2 37. Be2 1/2-1/2

[Event "MNE-ch 76th"]
[Site "Podgorica"]
[Date "2024.02.07"]
[Round "2"]
[White "Petrovic, Slavko"]
[Black "Bogachkova, Alena"]
[Result "0-1"]
[WhiteElo "1836"]
[BlackElo "2085"]
[PlyCount "158"]
[EventDate "2024.02.06"]
[EventType "swiss"]
[EventRounds "11"]
[EventCountry "MNE"]
[SourceTitle "CB08_2024"]
[SourceDate "2024.02.21"]
[SourceVersion "1"]
[SourceVersionDate "2024.02.21"]
[SourceQuality "1"]

1. e4 c5 2. Nf3 Nc6 3. d4 cxd4 4. Nxd4 e5 5. Nb3 Nf6 6. Bg5 h6 7. Bxf6 Qxf6 8. Nc3 Bb4 9. Qd2 0-0 10. a3 Bxc3 11. Qxc3 Qg6 12. Qe3 d5 13. exd5 Nd4 14. Nxd4 exd4 15. Qxd4 Re8+ 16. Kd1 Bf5 17. Bd3 Bxd3 18. cxd3 Qxg2 19. Kd2 Qg5+ 20. Kc3 Re2 21. Rhg1 Qd2+ 22. Kb3 g6 23. Rac1 Qa5 24. d6 Rd8 25. Rc7 Re6 26. Rxb7 Rexd6 27. Qc4 Qf5 28. Re1 Rd4 29. Re8+ Kg7 30. Rxd8 Rxc4 31. Kxc4 Qe6+ 32. Kc5 Qe5+ 33. Rd5 Qxh2 34. Rdd7 Qxf2+ 35. d4 h5 36. Rd8 h4 37. Rbb8 h3 38. Rh8 h2 39. Rbg8+ Kf6 40. Rh7 Qf5+ 41. d5 Qc2+ 42. Kd6 Qxb2 43. Rgh8 Qxa3+ 44. Kd7 Qe7+ 45. Kc6 Ke5 46. Rxh2 Qd6+ 47. Kb7 Qb6+ 48. Kc8 Kxd5 49. R8h7 Qe6+ 50. Kd8 a5 51. Ra2 Qb6+ 52. Ke8 f5 53. Re7 g5 54. Ree2 Qb4 55. Rab2 g4 56. Kf7 f4 57. Kf6 f3 58. Re5+ Kd4 59. Rxb4+ axb4 60. Rf5 b3 61. Rf4+ Kc3 62. Rxg4 b2 63. Rf4 b1Q 64. Rxf3+ Kd4 65. Rf5 Qb6+ 66. Kg7 Ke4 67. Rf7 Qc6 68. Re7+ Kf5 69. Rf7+ Kg5 70. Kg8 Qe6 71. Kh8 Qh6+ 72. Kg8 Qh5 73. Rg7+ Kf6 74. Rg1 Qe8+ 75. Kh7 Qd7+ 76. Kg8 Qc8+ 77. Kh7 Qc7+ 78. Kg8 Qb8+ 79. Kh7 Qa7+ 0-1

[Event "MNE-chT 2nd League"]
[Site "Cetinje"]
[Date "2022.10.16"]
[Round "5"]
[White "Petrovic, Slavko"]
[Black "Radojevic, Milos"]
[Result "1-0"]
[WhiteElo "1844"]
[BlackElo "1601"]
[PlyCount "66"]
[EventDate "2022.10.14"]
[EventType "team-tourn"]
[EventRounds "5"]
[EventCountry "MNE"]
[SourceTitle "EXT 2024"]
[Source "ChessBase"]
[SourceDate "2023.10.10"]
[SourceVersion "1"]
[SourceVersionDate "2023.10.10"]
[SourceQuality "1"]
[WhiteTeam "Gambit"]
[BlackTeam "Komovi"]
[WhiteTeamCountry "MNE"]
[BlackTeamCountry "MNE"]

1. e4 e5 2. Nf3 Nc6 3. Bb5 Nd4 4. Nxd4 exd4 5. 0-0 c6 6. Ba4 Bd6 7. Bb3 Nf6 8. e5 Bxe5 9. f4 Bd6 10. Re1+ Kf8 11. Qf3 Bc5 12. d3 d5 13. f5 Qc7 14. Bf4 Bd6 15. Bxd6+ Qxd6 16. g4 Bd7 17. Nd2 h5 18. g5 Ng4 19. Nf1 Re8 20. Rxe8+ Kxe8 21. Re1+ Kd8 22. h3 Ne5 23. Qf2 f6 24. h4 Re8 25. Kg2 c5 26. a3 Kc7 27. Nh2 Bc6 28. Rd1 a6 29. Ba2 Qe7 30. Qg3 Kb6 31. Re1 Qc7 32. Qf4 Ka7 33. b4 b6 1-0

[Event "MNE-chT 2nd League"]
[Site "Cetinje"]
[Date "2022.10.16"]
[Round "4"]
[White "Sukovic, Darko"]
[Black "Petrovic, Slavko"]
[Result "1-0"]
[WhiteElo "1926"]
[BlackElo "1844"]
[PlyCount "107"]
[EventDate "2022.10.14"]
[EventType "team-tourn"]
[EventRounds "5"]
[EventCountry "MNE"]
[SourceTitle "EXT 2024"]
[Source "ChessBase"]
[SourceDate "2023.10.10"]
[SourceVersion "1"]
[SourceVersionDate "2023.10.10"]
[SourceQuality "1"]
[WhiteTeam "Zora"]
[BlackTeam "Gambit"]
[WhiteTeamCountry "MNE"]
[BlackTeamCountry "MNE"]

1. d4 d5 2. c4 e6 3. Nc3 c6 4. cxd5 exd5 5. Nf3 Bd6 6. Bg5 f6 7. Bh4 Bf5 8. Bg3 Bb4 9. a3 Bxc3+ 10. bxc3 Qa5 11. Qb3 Nd7 12. Nh4 Ne7 13. Bd6 Be6 14. e3 Kf7 15. Bd3 g5 16. Bxe7 Kxe7 17. Nf5+ Bxf5 18. Bxf5 Qa6 19. Qb4+ c5 20. dxc5 Qc6 21. Bxd7 Kxd7 22. 0-0 Rac8 23. Rfd1 Ke7 24. Rab1 Rc7 25. Qd4 Qxc5 26. Rxb7 Qxd4 27. Rxc7+ Kd6 28. Rxd4 Kxc7 29. Rxd5 Rb8 30. h4 Rb1+ 31. Kh2 h6 32. Rf5 Rb6 33. Kg3 Ra6 34. c4 Kd7 35. hxg5 hxg5 36. Rd5+ Ke7 37. Rd3 Rc6 38. Rc3 Rc5 39. Kf3 Rf5+ 40. Ke2 Kd6 41. f3 Ra5 42. Rb3 Kc5 43. Rb5+ Rxb5 44. cxb5 Kxb5 45. Kd3 Ka4 46. f4 gxf4 47. exf4 Kxa3 48. g4 Kb2 49. g5 fxg5 50. fxg5 a5 51. g6 a4 52. g7 a3 53. g8Q a2 54. Qb8+ 1-0

[Event "MNE-chT 2nd League"]
[Site "Cetinje"]
[Date "2022.10.15"]
[Round "2"]
[White "Petrovic, Slavko"]
[Black "Saric, Igor"]
[Result "0-1"]
[WhiteElo "1844"]
[BlackElo "2270"]
[PlyCount "93"]
[EventDate "2022.10.14"]
[EventType "team-tourn"]
[EventRounds "5"]
[EventCountry "MNE"]
[SourceTitle "EXT 2024"]
[Source "ChessBase"]
[SourceDate "2023.10.10"]
[SourceVersion "1"]
[SourceVersionDate "2023.10.10"]
[SourceQuality "1"]
[WhiteTeam "Gambit"]
[BlackTeam "Niksic"]
[WhiteTeamCountry "MNE"]
[BlackTeamCountry "MNE"]

1. e4 d5 2. exd5 Qxd5 3. d4 Nf6 4. Nf3 Bg4 5. Be2 e6 6. 0-0 Nc6 7. c3 Bd6 8. h3 Qh5 9. Re1 0-0-0 10. Nbd2 Rhe8 11. Nh2 Bxe2 12. Qxe2 Qxe2 13. Rxe2 e5 14. dxe5 Nxe5 15. Kf1 Nd3 16. Nhf3 Bc5 17. Nb3 Bxf2 18. Bg5 Bg3 19. Nbd4 Bf4 20. Bh4 Rxe2 21. Nxe2 Be3 22. Rb1 Rd5 23. Bxf6 gxf6 24. Rd1 c6 25. c4 Nxb2 26. Rxd5 cxd5 27. cxd5 Nc4 28. Nh4 Nb6 29. Nc3 Bd2 30. Nb5 a6 31. Nd6+ Kc7 32. Nxf7 Nxd5 33. Ke2 Bc1 34. Kd3 Kd7 35. Kc2 Bf4 36. Kb3 Ke7 37. Nh8 Ke6 38. g4 Ne3 39. a4 Bh6 40. a5 Bg7 41. Kb4 Bxh8 42. Kc5 Bg7 43. Kb6 Nc4+ 44. Kxb7 Nxa5+ 45. Kxa6 Nb3 46. Nf5 Bf8 47. Kb5 0-1

[Event "MNE-chT 2nd League"]
[Site "Cetinje"]
[Date "2022.10.14"]
[Round "1"]
[White "Zizic, Djordje"]
[Black "Petrovic, Slavko"]
[Result "0-1"]
[WhiteElo "1332"]
[BlackElo "1844"]
[PlyCount "90"]
[EventDate "2022.10.14"]
[EventType "team-tourn"]
[EventRounds "5"]
[EventCountry "MNE"]
[SourceTitle "EXT 2024"]
[Source "ChessBase"]
[SourceDate "2023.10.10"]
[SourceVersion "1"]
[SourceVersionDate "2023.10.10"]
[SourceQuality "1"]
[WhiteTeam "Savnik"]
[BlackTeam "Gambit"]
[WhiteTeamCountry "MNE"]
[BlackTeamCountry "MNE"]

1. e4 c5 2. d4 cxd4 3. Nf3 Nc6 4. c3 d6 5. cxd4 Nf6 6. Nc3 e6 7. h3 d5 8. e5 Nd7 9. Bd3 Be7 10. Bc2 b6 11. 0-0 Ba6 12. Re1 Rc8 13. Nh2 0-0 14. Qh5 g6 15. Qg4 Kg7 16. Be3 h5 17. Qd1 Bg5 18. Qd2 Bxe3 19. Rxe3 Qg5 20. Rd1 Rc7 21. a3 Rfc8 22. Bb1 Na5 23. Rg3 Qxd2 24. Rxd2 Nb3 25. Rd1 Na5 26. Bd3 Bxd3 27. Rdxd3 a6 28. Rd2 Nc4 29. Rc2 Nxb2 30. Rxb2 Rxc3 31. Rb3 Rc1+ 32. Nf1 R8c4 33. Rgd3 b5 34. f4 Nb6 35. Rb4 R4c2 36. Rf3 Nc4 37. a4 bxa4 38. Rxa4 a5 39. Kh2 Re2 40. Kg3 Ree1 41. Kf2 Rxf1+ 42. Ke2 Rfe1+ 43. Kf2 Red1 44. g4 h4 45. f5 Rd2# 0-1

[Event "Mediterranean-ch 11th"]
[Site "Petrovac"]
[Date "2021.06.19"]
[Round "1"]
[White "Petrovic, Slavko"]
[Black "Podlesnik, Bogdan"]
[Result "0-1"]
[WhiteElo "1886"]
[BlackElo "2343"]
[PlyCount "82"]
[EventDate "2021.06.19"]
[EventType "swiss"]
[EventRounds "9"]
[EventCountry "MNE"]
[SourceTitle "CBM 203 Extra"]
[Source "ChessBase"]
[SourceDate "2021.09.30"]
[SourceVersion "1"]
[SourceVersionDate "2021.09.30"]
[SourceQuality "1"]

1. e4 c5 2. Nf3 Nc6 3. d4 cxd4 4. Nxd4 Nf6 5. Nc3 e5 6. Nb3 Bb4 7. Bg5 h6 8. Bxf6 Bxc3+ 9. bxc3 Qxf6 10. Qf3 Qxf3 11. gxf3 d6 12. 0-0-0 Ke7 13. Rg1 g6 14. Bc4 b6 15. Rd3 Bb7 16. Rgd1 Rhd8 17. Bd5 Rac8 18. Kb2 Ba6 19. Re3 Nb8 20. a4 Nd7 21. Ra1 Nf6 22. a5 b5 23. Rd1 Nh5 24. Nc1 Nf4 25. Na2 Rd7 26. Nb4 Bb7 27. Bb3 a6 28. Rd2 Rdc7 29. Rd1 g5 30. Bd5 Nxd5 31. exd5 Rc4 32. Rh1 f5 33. h3 Rh4 34. Ree1 Rcc4 35. Reg1 Kf6 36. Rg3 Rxb4+ 37. cxb4 Rxb4+ 38. Kc3 Rc4+ 39. Kb2 f4 40. Rgg1 Bxd5 41. Ra1 Bxf3 0-1

[Event "MNT-ch 73rd"]
[Site "Podgorica"]
[Date "2021.05.08"]
[Round "7"]
[White "Popovic, Mateja"]
[Black "Petrovic, Slavko"]
[Result "0-1"]
[WhiteElo "1723"]
[BlackElo "1867"]
[PlyCount "68"]
[EventDate "2021.05.03"]
[EventType "swiss"]
[EventRounds "9"]
[EventCountry "MNE"]
[SourceTitle "CBM 202 Extra"]
[Source "ChessBase"]
[SourceDate "2021.07.31"]
[SourceVersion "1"]
[SourceVersionDate "2021.07.31"]
[SourceQuality "1"]

1. d4 d5 2. c4 e6 3. Nc3 Nf6 4. Bg5 Be7 5. e3 0-0 6. Nf3 Nc6 7. Rc1 h6 8. Bh4 a6 9. cxd5 exd5 10. a3 Bg4 11. h3 Be6 12. Bd3 Ne8 13. Bxe7 Nxe7 14. Qc2 c6 15. 0-0 Nd6 16. Na4 Bf5 17. Nc5 Bxd3 18. Qxd3 Rb8 19. Ne5 Re8 20. Qe2 Rc8 21. Qg4 Rc7 22. e4 dxe4 23. Nxf7 Kxf7 24. Ne6 Qc8 25. Nxc7 Qxc7 26. Rc3 Nd5 27. Qh5+ Ke6 28. Rg3 Nf6 29. Qc5 Kf7 30. Rc1 Qd7 31. Rb3 Qe6 32. Rcc3 Nd5 33. Rg3 Re7 34. Qc2 Nf5 0-1

[Event "MNT-ch 73rd"]
[Site "Podgorica"]
[Date "2021.05.04"]
[Round "2"]
[White "Blagojevic, Dragisa"]
[Black "Petrovic, Slavko"]
[Result "1-0"]
[WhiteElo "2481"]
[BlackElo "1867"]
[PlyCount "43"]
[EventDate "2021.05.03"]
[EventType "swiss"]
[EventRounds "9"]
[EventCountry "MNE"]
[SourceTitle "CBM 202 Extra"]
[Source "ChessBase"]
[SourceDate "2021.07.31"]
[SourceVersion "1"]
[SourceVersionDate "2021.07.31"]
[SourceQuality "1"]

1. d4 d5 2. c4 e6 3. Nc3 f5 4. e3 Nf6 5. Bd3 c6 6. Nge2 Bd6 7. f3 0-0 8. 0-0 Qc7 9. h3 Qe7 10. Bd2 Bd7 11. Qb3 b6 12. e4 dxe4 13. fxe4 fxe4 14. Nxe4 c5 15. Nxd6 Qxd6 16. Bf4 Qe7 17. d5 e5 18. Bh2 g6 19. Rae1 Qd6 20. Qc3 Re8 21. Nc1 Na6 22. Rxe5 1-0

[Event "MNT-chT 1st League"]
[Site "Podgorica"]
[Date "2018.09.28"]
[Round "4.3"]
[White "Djokovic, Mirsad"]
[Black "Petrovic, Slavko"]
[Result "1-0"]
[WhiteElo "2107"]
[BlackElo "1951"]
[PlyCount "109"]
[EventDate "2018.09.07"]
[EventType "team-tourn"]
[EventRounds "9"]
[EventCountry "MNE"]
[SourceTitle "CBM 187 Extra"]
[Source "ChessBase"]
[SourceDate "2018.11.04"]
[SourceVersion "1"]
[SourceVersionDate "2018.11.04"]
[SourceQuality "1"]
[WhiteTeam "Oktober 7th"]
[BlackTeam "Gambit"]
[WhiteTeamCountry "MNE"]
[BlackTeamCountry "MNE"]

1. f4 c5 2. Nf3 Nc6 3. e3 d5 4. Bb5 Nf6 5. 0-0 g6 6. b3 Bg7 7. Bb2 0-0 8. Bxc6 bxc6 9. d3 Ng4 10. Bxg7 Nxe3 11. Qc1 Nxf1 12. Bxf8 Nxh2 13. Nxh2 Qxf8 14. Qe1 Qg7 15. Qe5 h5 16. Qxg7+ Kxg7 17. Nf3 f6 18. Nbd2 Kf7 19. Re1 a5 20. d4 cxd4 21. Nxd4 Bd7 22. c3 c5 23. Nc2 Rb8 24. c4 e6 25. Rc1 a4 26. cxd5 exd5 27. Ne3 axb3 28. axb3 c4 29. bxc4 dxc4 30. Rxc4 Rc8 31. Rxc8 Bxc8 32. Kf2 Be6 33. Nf3 Bb3 34. Nd2 Be6 35. Ne4 Bb3 36. Ke2 Ba2 37. Kd3 Ke6 38. Kd4 Bb1 39. Nc3 Bf5 40. Ne4 Bxe4 41. Kxe4 f5+ 42. Kf3 Kf6 43. Nd5+ Ke6 44. Nc7+ Kf6 45. Nd5+ Ke6 46. Nc3 Kf6 47. Ne2 h4 48. Ng1 g5 49. fxg5+ Kxg5 50. Nh3+ Kg6 51. Kf4 Kf6 52. Ng1 Kg6 53. Nf3 h3 54. gxh3 Kf6 55. Nd4 1-0

[Event "MNT-chT1"]
[Site "Mojkovac"]
[Date "2016.10.07"]
[Round "7.2"]
[White "Petrovic, Slavko"]
[Black "Andjic, Milonja"]
[Result "1/2-1/2"]
[WhiteElo "2070"]
[BlackElo "2059"]
[PlyCount "20"]
[EventDate "2016.09.09"]
[EventType "team-tourn"]
[EventRounds "9"]
[EventCountry "MNE"]
[SourceTitle "EXT 2017"]
[Source "ChessBase"]
[SourceDate "2016.10.25"]
[SourceVersion "1"]
[SourceVersionDate "2016.10.25"]
[SourceQuality "1"]

1. f4 d5 2. Nf3 c5 3. e3 Nc6 4. Bb5 Bg4 5. 0-0 e6 6. b3 Nf6 7. Bb2 Be7 8. Nc3 0-0 9. Bxc6 bxc6 10. d3 Nd7 1/2-1/2

[Event "MNT-CupT"]
[Site "Montenegro"]
[Date "2016.04.10"]
[Round "1"]
[White "Petrovic, Slavko"]
[Black "Musovic, Armin"]
[Result "1/2-1/2"]
[WhiteElo "2066"]
[BlackElo "2203"]
[PlyCount "106"]
[EventDate "2016.04.10"]
[EventType "team-k.o."]
[EventRounds "4"]
[EventCountry "MNE"]
[SourceTitle "EXT 2018"]
[Source "ChessBase"]
[SourceDate "2017.10.13"]
[SourceVersion "1"]
[SourceVersionDate "2017.10.13"]
[SourceQuality "1"]
[WhiteTeam "Berane Gambit"]
[BlackTeam "Bijelo Polje Rokada"]
[WhiteTeamCountry "MNE"]
[BlackTeamCountry "MNE"]

1. e4 c6 2. d4 d5 3. Nd2 dxe4 4. Nxe4 Nf6 5. Qd3 Nxe4 6. Qxe4 Nd7 7. Nf3 Nf6 8. Qd3 g6 9. c3 Bg7 10. Be2 0-0 11. Bf4 Qb6 12. Qc2 Nd5 13. Bg3 a5 14. Bd3 c5 15. dxc5 Qxc5 16. 0-0 Rd8 17. Rfe1 b5 18. Be5 Bb7 19. Bxg7 Kxg7 20. Qb3 Nf4 21. Be4 Nd3 22. Bxb7 Qxf2+ 23. Kh1 Qb6 24. Rf1 Nc5 25. Qa3 Nxb7 26. Qxe7 Re8 27. Qh4 f6 28. Nd4 Re5 29. Rad1 Rf8 30. Qg4 h5 31. Qf3 Nd6 32. b3 Nf5 33. Nxf5+ Rxf5 34. Qe2 Rxf1+ 35. Rxf1 Qc6 36. h3 Re8 37. Qd3 Re5 38. Rd1 Kh6 39. Rc1 h4 40. c4 bxc4 41. Qxc4 Qxc4 42. Rxc4 g5 43. Kg1 f5 44. Kf2 Kh5 45. Kf3 Rd5 46. Ra4 g4+ 47. hxg4+ fxg4+ 48. Kf4 g3 49. Rc4 Rd2 50. Rc5+ Kg6 51. Kg4 Rxg2 52. Kxh4 Rxa2 53. Kxg3 Kf6 1/2-1/2

[Event "Petrovac op"]
[Site "Petrovac"]
[Date "2015.05.09"]
[Round "3"]
[White "Petrovic, Slavko"]
[Black "Tadic, Stefan"]
[Result "1/2-1/2"]
[WhiteElo "2071"]
[BlackElo "1778"]
[PlyCount "116"]
[EventDate "2015.05.08"]
[EventType "swiss"]
[EventRounds "9"]
[EventCountry "MNE"]
[SourceTitle "CBM 166 Extra"]
[Source "ChessBase"]
[SourceDate "2015.06.18"]
[SourceVersion "1"]
[SourceVersionDate "2015.06.18"]
[SourceQuality "1"]

1. e4 c5 2. Ne2 Nc6 3. Nbc3 Nf6 4. g3 d6 5. Bg2 g6 6. 0-0 Bg7 7. d3 0-0 8. h3 a6 9. Nf4 e6 10. h4 Qc7 11. g4 b5 12. g5 Nd7 13. Nce2 Bb7 14. c3 Rac8 15. Be3 Nb6 16. Rc1 Qe7 17. b4 Rfd8 18. Qb3 Ne5 19. Qb1 Ng4 20. bxc5 Nxe3 21. fxe3 dxc5 22. c4 b4 23. Bh3 a5 24. Rf2 Ba6 25. Rcf1 Nd7 26. Nxe6 fxe6 27. Rf7 Qxf7 28. Rxf7 Kxf7 29. Qf1+ Ke7 30. Nf4 Rc6 31. h5 Ne5 32. hxg6 Nxg6 33. Nh5 Rf8 34. Qg2 Bc3 35. e5 Rb6 36. Nf6 Rh8 37. Qg4 a4 38. Nd5+ exd5 39. Qd7+ Kf8 40. Qd8+ Kg7 41. Qc7+ Kf8 42. Qxb6 Nxe5 43. Qxc5+ Kg7 44. Qa7+ Kg6 45. Qxa6+ Kxg5 46. Qxa4 dxc4 47. dxc4 Nxc4 48. Qb5+ Ne5 49. Qd5 h5 50. Kh2 Rf8 51. Kg2 Rf6 52. Qd8 Ng6 53. Qa5+ Kh6 54. Qd5 Nh4+ 55. Kg1 Rf3 56. Qe6+ Rf6 57. Qd5 Nf3+ 58. Kh1 Ne5 1/2-1/2

[Event "Petrovac op"]
[Site "Petrovac"]
[Date "2015.05.08"]
[Round "1"]
[White "Petrovic, Slavko"]
[Black "Nikcevic, Nebojsa"]
[Result "0-1"]
[WhiteElo "2071"]
[BlackElo "2414"]
[PlyCount "36"]
[EventDate "2015.05.08"]
[EventType "swiss"]
[EventRounds "9"]
[EventCountry "MNE"]
[SourceTitle "CBM 166 Extra"]
[Source "ChessBase"]
[SourceDate "2015.06.18"]
[SourceVersion "1"]
[SourceVersionDate "2015.06.18"]
[SourceQuality "1"]

1. e4 c5 2. Nf3 Nc6 3. d4 cxd4 4. Nxd4 g6 5. Be3 Nf6 6. Nc3 Bg7 7. Be2 0-0 8. Qd2 d5 9. exd5 Nxd5 10. Nxd5 Bxd4 11. Nxe7+ Qxe7 12. Bxd4 Nxd4 13. Qxd4 Re8 14. Qc4 b5 15. Qxb5 Rb8 16. Qd3 Bg4 17. f3 Bf5 18. Qc4 Rbc8 0-1

[Event "MNT-chTB"]
[Site "Andrijevica"]
[Date "2012.09.14"]
[Round "1"]
[White "Ugrenovic, Bozidar"]
[Black "Petrovic, Slavko"]
[Result "1-0"]
[WhiteElo "2174"]
[BlackElo "2104"]
[PlyCount "61"]
[EventDate "2012.09.14"]
[EventType "team-tourn"]
[EventRounds "9"]
[EventCountry "MNE"]
[SourceTitle "CBM 150 Extra"]
[Source "ChessBase"]
[SourceDate "2012.10.19"]
[SourceVersion "1"]
[SourceVersionDate "2012.10.19"]
[SourceQuality "1"]

1. e4 c5 2. Nf3 Nc6 3. d4 cxd4 4. Nxd4 g6 5. c4 Bg7 6. Be3 Nf6 7. Nc3 d6 8. Be2 Bd7 9. 0-0 0-0 10. Qd2 Nxd4 11. Bxd4 Bc6 12. f3 a6 13. Rac1 e6 14. Rfd1 Ne8 15. Be3 Qa5 16. a3 Qc7 17. Nd5 exd5 18. cxd5 Qd7 19. dxc6 bxc6 20. b4 Qc7 21. Qc2 Qb8 22. Qxc6 Bb2 23. Rb1 Bxa3 24. Rb3 Bxb4 25. Rxb4 Qxb4 26. Qxa8 Nc7 27. Qc6 Nb5 28. Bxb5 axb5 29. Qxd6 Qb3 30. Bh6 Ra8 31. Qd8+ 1-0